| 000 | 00553nam a2200181 i 4500 | ||
|---|---|---|---|
| 001 | 84375 | ||
| 003 | ES-MaACL | ||
| 005 | 20230906175014.0 | ||
| 007 | t| | ||
| 008 | 041122s1980 sp ||||1| spa d | ||
| 100 | 1 |
_aXiménez Vicente, L. _9117513 |
|
| 245 | 1 | 0 |
_aTest médicos para ingreso en la Seguridad Social _b: (test para MIR) / _cLuis Ximénez. |
| 250 | _a4ª ed. | ||
| 260 |
_aMadrid : _b[L. Ximénez Vicente], _c1980. |
||
| 300 |
_a334 p. ; _c22 cm. |
||
| 650 | 4 |
_aMédicos internos residentes- _zEspaña. _9171683 |
|
| 852 |
_aES-MaACL _jL-163 |
||
| 999 |
_c84375 _d84375 |
||